000
00227nam a22001097a 4500
082
_a
822/KAR
100
_a
Karnoor,Maithreyi
_9
81474
245
_a
Four Plays
260
_a
Delhi
_b
Sahitya Akademi
650
_a
Drama
942
_c
BK
999
_c
65485
_d
65485